Three thousand stitches: (Record no. 182193)
[ view plain ]
| 000 -LEADER | |
|---|---|
| fixed length control field | 01020nam a22002177a 4500 |
| 005 - DATE AND TIME OF LATEST TRANSACTION | |
| control field | 20211109163106.0 |
| 010 ## - LCCN (DPL NO) | |
| LC control number | B-741835 |
| 020 ## - INTERNATIONAL STANDARD BOOK NUMBER | |
| International Standard Book Number | 9780143440055 |
| Terms of availability | 250.00 |
| 035 ## - SYSTEM CONTROL NUMBER | |
| System control number | B-741835 |
| 037 ## - SOURCE OF ACQUISITION | |
| Source of stock number/acquisition | Penguin Books /Gift |
| 082 ## - DEWEY DECIMAL CLASSIFICATION NUMBER | |
| Classification number | 823.914 |
| 100 ## - MAIN ENTRY--PERSONAL NAME | |
| Personal name | Murty, Sudha |
| 245 ## - TITLE STATEMENT | |
| Title | Three thousand stitches: |
| Statement of responsibility, etc | by Sudha Murty |
| Remainder of title | ordinary people, extraordinary lives / |
| 260 ## - PUBLICATION, DISTRIBUTION, ETC. (IMPRINT) | |
| Place of publication, distribution, etc | Gurgaon |
| Name of publisher, distributor, etc | Penguin Books |
| Date of publication, distribution, etc | 2017 |
| 270 ## - ADDRESS | |
| Address | 7th Floor, Infinity Tower C, DLF Cyber City, |
| City | Gurgaon (Haryana) |
| Postal code | 122002 |
| 300 ## - PHYSICAL DESCRIPTION | |
| Extent | x, 179p. |
| Dimensions | 20cm.(pbk) |
| 942 ## - ADDED ENTRY ELEMENTS (KOHA) | |
| Institution code [OBSOLETE] | dpl |
| Item type | Children Books |
| Source of classification or shelving scheme | Dewey Decimal Classification |
| Classification part | 823.914 |
| Call number suffix | MUR |
| Withdrawn status | Lost status | Not for loan | Collection code | Home library | Current library | Date acquired | Source of acquisition | Cost, normal purchase price | Full call number | Barcode | Copy number | Cost, replacement price | Koha item type | Public note |
|---|---|---|---|---|---|---|---|---|---|---|---|---|---|---|
| Non-fiction | Bawana | Bawana | 09/11/2021 | Eng/Gift/8.11.2021 | 250.00 | 823.914 MUR | B-741835 | 1 | 250.00 | Children Books | Gift |
